[Event "Perth Kingsley op"]
[Site "Perth"]
[Date "2006.03.26"]
[Round "5"]
[White "Donaldson, Gary"]
[Black "Markou, Victor"]
[Result "1-0"]
[WhiteElo "1483"]
[BlackElo "1372"]
[PlyCount "111"]
[EventDate "2006.03.25"]
[EventType "swiss"]
[EventRounds "6"]
[EventCountry "AUS"]
[SourceTitle "EXT 2010"]
[Source "ChessBase"]
[SourceDate "2010.11.25"]
[SourceVersion "1"]
[SourceVersionDate "2010.11.25"]
[SourceQuality "1"]

1. d4 d5 2. Nf3 Nf6 3. c3 e6 4. Bg5 Be7 5. e3 0-0 6. Bd3 h6 7. Bh4 Nbd7 8. b4 a6 9. 0-0 b6 10. Nbd2 Bb7 11. Rc1 c5 12. a3 c4 13. Bc2 b5 14. h3 a5 15. Ra1 axb4 16. axb4 Re8 17. Bg3 Qb6 18. Qb1 Rxa1 19. Qxa1 Ra8 20. Qb2 Bd6 21. Bxd6 Qxd6 22. Ra1 e5 23. Rxa8+ Bxa8 24. dxe5 Nxe5 25. Nxe5 Qxe5 26. Qa3 Qb8 27. Nf3 Bc6 28. Qa6 Bd7 29. Nd4 Ne8 30. Nc6 Qc7 31. Ne7+ Kf8 32. Nxd5 Qe5 33. e4 Nc7 34. Nxc7 Qxc7 35. Qa8+ Be8 36. Qd5 Qf4 37. Qc5+ Kg8 38. Qd4 Qc1+ 39. Bd1 Bc6 40. f3 Be8 41. Kh2 Qa1 42. e5 Kf8 43. f4 Qc1 44. Bg4 Qc2 45. Bf3 Qc1 46. h4 Qe1 47. Kh3 Qc1 48. Kg4 h5+ 49. Kg5 Qe1 50. g4 Qg3 51. Qd1 f6+ 52. exf6 gxf6+ 53. Kf5 hxg4 54. Qd6+ Kg8 55. Bd5+ Kh7 56. Qe7+ 1-0